MyGZULibrary

Interpersonal skills in organizations / (Record no. 2274)

MARC details
000 -LEADER
fixed length control field 02017cam a2200361 a 4500
001 - CONTROL NUMBER
control field 15116019
003 - CONTROL NUMBER IDENTIFIER
control field GZU
005 - DATE AND TIME OF LATEST TRANSACTION
control field 20201028115822.0
008 - FIXED-LENGTH DATA ELEMENTS--GENERAL INFORMATION
fixed length control field 071217s2009 maua b 001 0 eng
010 ## - LIBRARY OF CONGRESS CONTROL NUMBER
LC control number 2007051631
020 ## - INTERNATIONAL STANDARD BOOK NUMBER
International Standard Book Number 9780073405018 (alk. paper)
020 ## - INTERNATIONAL STANDARD BOOK NUMBER
International Standard Book Number 0073405019 (alk. paper)
040 ## - CATALOGING SOURCE
Original cataloging agency DLC
Transcribing agency DLC
Modifying agency DLC
050 00 - LIBRARY OF CONGRESS CALL NUMBER
Classification number HD 58.7
Item number .DEJ 2009
082 00 - DEWEY DECIMAL CLASSIFICATION NUMBER
Classification number 158.7
Edition number 22
100 1# - MAIN ENTRY--PERSONAL NAME
Personal name De Janasz, Suzanne C.
245 10 - TITLE STATEMENT
Title Interpersonal skills in organizations /
Statement of responsibility, etc. Suzanne C. De Janasz, Karen O. Dowd, Beth Z. Schneider.
250 ## - EDITION STATEMENT
Edition statement 3rd ed.
260 ## - PUBLICATION, DISTRIBUTION, ETC.
Place of publication, distribution, etc. Boston :
Name of publisher, distributor, etc. McGraw-Hill Irwin,
Date of publication, distribution, etc. c2009.
300 ## - PHYSICAL DESCRIPTION
Extent xxii, 441 p. :
Other physical details ill. ;
Dimensions 28 cm.
504 ## - BIBLIOGRAPHY, ETC. NOTE
Bibliography, etc. note Includes bibliographical references and index.
505 0# - FORMATTED CONTENTS NOTE
Formatted contents note Journey into self-awareness -- Self-disclosure and trust -- Establishing goals consistent with values and ethics -- Self-management -- Understanding and working with diverse others -- The importance and skill of listening -- Conveying verbal messages -- Persuading individuals and audiences -- Negotiation -- Building teams and work groups -- Managing conflict -- Achieving business results through effective meetings -- Facilitating team success -- Making decisions and solving problems creatively -- Power and politicking -- Networking and mentoring -- Coaching and providing feedback for improved performance -- Leading and empowering self and others -- Project management.
650 #0 - SUBJECT ADDED ENTRY--TOPICAL TERM
Topical term or geographic name entry element Organizational behavior.
650 #0 - SUBJECT ADDED ENTRY--TOPICAL TERM
Topical term or geographic name entry element Psychology, Industrial.
650 #0 - SUBJECT ADDED ENTRY--TOPICAL TERM
Topical term or geographic name entry element Interpersonal relations.
700 1# - ADDED ENTRY--PERSONAL NAME
Personal name Dowd, Karen O.
700 1# - ADDED ENTRY--PERSONAL NAME
Personal name Schneider, Beth Z.
856 42 - ELECTRONIC LOCATION AND ACCESS
Materials specified Publisher description
Uniform Resource Identifier <a href="http://www.loc.gov/catdir/enhancements/fy0808/2007051631-d.html">http://www.loc.gov/catdir/enhancements/fy0808/2007051631-d.html</a>
856 41 - ELECTRONIC LOCATION AND ACCESS
Materials specified Table of contents only
Uniform Resource Identifier <a href="http://www.loc.gov/catdir/enhancements/fy0808/2007051631-t.html">http://www.loc.gov/catdir/enhancements/fy0808/2007051631-t.html</a>
906 ## - LOCAL DATA ELEMENT F, LDF (RLIN)
a 7
b cbc
c orignew
d 1
e ecip
f 20
g y-gencatlg
942 ## - ADDED ENTRY ELEMENTS (KOHA)
Source of classification or shelving scheme Library of Congress Classification
Koha item type Books
Edition 3rd ed.
Classification part 58.7
Item part DEJ
Call number prefix HD
Holdings
Withdrawn status Lost status Damaged status Not for loan Collection code Home library Current library Shelving location Date acquired Total Checkouts Full call number Barcode Date last seen Copy number Price effective from Koha item type
        Non-fiction City Campus Library City Campus Library General Stacks 10/28/2020   HD 58.7 DEJ 2009 023238 10/28/2020 c.1 10/28/2020 Books
        Non-fiction Mashava Campus Library Mashava Campus Library General Stacks 05/04/2021   HD58.7 DEJ 2009 023808 05/04/2021 c.2 05/04/2021 Books